| 000 | 00649nam a2200205 a 4500 | ||
|---|---|---|---|
| 001 | 3157 | ||
| 003 | CDMR | ||
| 005 | 20131129095510.0 | ||
| 008 | 130130s1958||||||||||||||||||||||||||||d | ||
| 040 |
_aCDMR _bcat _cCDMR |
||
| 100 | 1 |
_aArias Salgado, Gabriel _92300 |
|
| 245 | 1 | 0 |
_aPolítica española de la información _cGabriel Arias-Salgado |
| 250 | _a5a ed. | ||
| 260 |
_aMadrid _c1957-1958 _bMinisterio de Información |
||
| 300 | _a2 v. | ||
| 505 | _aConté: Tomo I.- Textos ; Tomo II.- Antología sistemática | ||
| 650 | 0 | 4 |
_94358 _aEspanya _xPolítica de la comunicació |
| 650 | 0 | 4 |
_92737 _aPremsa _xDret i legislació _zEspanya |
| 942 |
_cMON _2udc |
||
| 999 |
_c3157 _d3157 |
||